Kľúč od Mobile

Bibliographic Details
Main Author: kčj (Author)
Format: Article
Language:Slovak
Subjects:

MARC

LEADER 00000nab a2200000 a 4500
001 vtls000902976
003 SK-MaSNL
005 20260302175913.0
008 040720e20000121xo 0 slo
035 |a KE11946 
040 |a KEVKJB  |b slo  |c KEVKJB  |e AACR2 
041 0 |a slo 
044 |a xo  |c SK 
080 |a 394.912  |2 1981 
100 0 |a kčj  |4 aut  |9 873224 
245 1 0 |a Kľúč od Mobile 
650 0 7 |a mestá partnerské zahraničné  |2 KEVKJB  |9 879117 
650 0 7 |a vzťahy vzájomné  |2 KEVKJB  |9 877337 
650 0 7 |a informácie  |2 KEVKJB  |9 1285 
651 7 |a Mobile (USA)  |2 KEVKJB  |9 879118 
651 7 |a Košice (Slovensko)  |2 KEVKJB  |9 18694 
651 7 |a KE,  |2 KEVKJB  |9 877256 
655 7 |a periodikum  |2 snkbucl  |9 29553 
773 0 8 |t Košický večer  |g Roč. 11  |g Roč. 32, č.14, 21.1.2000, s. 1 
852 |a ZVYKNI  |b KIS3GCP 
999 |c 1408721  |d 1410651